<?xml version="1.0" encoding="UTF-8"?>
<record
    xmlns:xsi="http://www.w3.org/2001/XMLSchema-instance"
    xsi:schemaLocation="http://www.loc.gov/MARC21/slim http://www.loc.gov/standards/marcxml/schema/MARC21slim.xsd"
    xmlns="http://www.loc.gov/MARC21/slim">

  <leader>     nam a22     7a 4500</leader>
  <datafield tag="999" ind1=" " ind2=" ">
    <subfield code="c">62770</subfield>
    <subfield code="d">62770</subfield>
  </datafield>
  <controlfield tag="005">20211006103559.0</controlfield>
  <controlfield tag="008">211006b        xxu||||| |||| 00| 0 eng d</controlfield>
  <datafield tag="040" ind1=" " ind2=" ">
    <subfield code="a">ANE</subfield>
  </datafield>
  <datafield tag="041" ind1=" " ind2=" ">
    <subfield code="a">Es</subfield>
  </datafield>
  <datafield tag="100" ind1=" " ind2=" ">
    <subfield code="a">Analuisa Moposita Mayra Gioconda</subfield>
  </datafield>
  <datafield tag="245" ind1=" " ind2=" ">
    <subfield code="a">TESIS LA RENOVACI&#xD2;N TE&#xD2;RICO-CONCEPTUAL DEL DELITO EN EL NUEVO C&#xD2;DIGO ORG&#xC0;NICO INTEGRAL PENAL-COIP</subfield>
  </datafield>
  <datafield tag="300" ind1=" " ind2=" ">
    <subfield code="a">135 p.</subfield>
  </datafield>
  <datafield tag="856" ind1=" " ind2=" ">
    <subfield code="u">http://documentacion.asambleanacional.gob.ec/alfresco/d/d/workspace/SpacesStore/480a070f-b978-4b49-8514-910b1bcf946f/TESIS%20LA%20RENOVACI%c3%92N%20TE%c3%92RICO-CONCEPTUAL%20DEL%20DELITO%20EN%20EL%20NUEVO%20C%c3%92DIGO%20ORG%c3%80NICO%20INTEGRAL%20PENAL-COIP.pdf</subfield>
  </datafield>
  <datafield tag="942" ind1=" " ind2=" ">
    <subfield code="2">ddc</subfield>
    <subfield code="c">BV</subfield>
    <subfield code="z">Nr.</subfield>
  </datafield>
  <datafield tag="952" ind1=" " ind2=" ">
    <subfield code="0">0</subfield>
    <subfield code="1">0</subfield>
    <subfield code="2">ddc</subfield>
    <subfield code="4">0</subfield>
    <subfield code="7">0</subfield>
    <subfield code="a">AN01</subfield>
    <subfield code="b">AN01</subfield>
    <subfield code="d">2021-10-06</subfield>
    <subfield code="e">Donaci&#xF3;n</subfield>
    <subfield code="o">Tesis</subfield>
    <subfield code="p">45880</subfield>
    <subfield code="r">2021-10-06</subfield>
    <subfield code="w">2021-10-06</subfield>
    <subfield code="y">BV</subfield>
  </datafield>
</record>
